Poliak, Pacola a privatizácia

Bibliographic Details
Main Author: Gottweisová, Alena (Author)
Format: Article
Language:Slovak
Subjects:

MARC

LEADER 00000nab a2200000 a 4500
001 vtls000576454
003 SK-MaSNL
005 20260303010927.0
008 160202c1996 xo 0 slo
015 |a SNBRB19rr/mm-uuuuu 
035 |a CL0576592 
040 |a SNKBUCL  |b slo  |c SNKBUCL  |e AACR2 
041 0 |a slo 
044 |a xo  |c SK 
080 |a 338.246(437.6)  |2 1981 
100 1 |a Gottweisová, Alena  |4 aut  |9 838478 
245 1 0 |a Poliak, Pacola a privatizácia  |c Alena Gottweisová 
650 0 7 |a privatizácia  |2 snkbucl  |9 2343 
655 7 |a články z novín a časopisov  |2 snkbucl  |9 267496 
773 0 |t Smena na nedeľu  |g Roč. 30, č. 6 (7. 2. 1996), s. 6-7 
850 |a Slovenská národná knižnica v Martine  |a MTA001 
852 |a SNK  |b KIS3GCP 
958 |a RK 
958 |a SK 
992 |a RBX 
999 |c 1589618  |d 1591548